00893nam a22001937a 450000500170000000800410001702000150005805000210007324501570009426000700025130000370032149000180035861000790037665000550045565100640051065100460057470000390062070000400065920210906121958.0210906b sp ||||| |||| 00| 0 spa d a848021518604aUA789 bS65 200500aSoldados del rey : bel ejército borbónico en América colonial en vísperas de la independencia / cAllan J. Kuethe y Juan Marchena F., editores  aCastellón de la plana, España : bUniversitat Jaume I, c2005 a282 p. : bgráficas, c24 cm.  aAmerica ; v4 2lembaEspañabEjércitoxFuerzas colonialeszAmérica LatinaxHistoria 72lembaMercenarioszEspañaxHistoriaySiglo XVIII 72lembaEspaña xColoniaszAméricaxHistoriaySiglo XVIII 72lembaEspañaxHistoriayBorbones, 1700-1 aKuethe, Allan J.,d1940- ,eeditor1 aMarchena Fernández, Juan,eeditor